<?xml version="1.0" encoding="UTF-8"?>
<record
    xmlns:xsi="http://www.w3.org/2001/XMLSchema-instance"
    xsi:schemaLocation="http://www.loc.gov/MARC21/slim http://www.loc.gov/standards/marcxml/schema/MARC21slim.xsd"
    xmlns="http://www.loc.gov/MARC21/slim">

  <leader>01744nam0a2200373   4500</leader>
  <controlfield tag="001">RU\NLR\BIBL_A\012361854</controlfield>
  <controlfield tag="005">20211124164253.0</controlfield>
  <datafield tag="010" ind1=" " ind2=" ">
    <subfield code="a">978-5-9963-5918-9</subfield>
    <subfield code="9">1500</subfield>
  </datafield>
  <datafield tag="021" ind1=" " ind2=" ">
    <subfield code="a">RU</subfield>
    <subfield code="b">&#x41A;&#x41D;-&#x41F;-20-030846</subfield>
    <subfield code="9">&#x41A;&#x41D;-&#x41F;-20-2369</subfield>
  </datafield>
  <datafield tag="021" ind1=" " ind2=" ">
    <subfield code="a">RU</subfield>
    <subfield code="b">&#x41A;&#x41D;-&#x41F;-22-082456</subfield>
    <subfield code="9">&#x41A;&#x41D;-&#x41F;-22-7254</subfield>
  </datafield>
  <datafield tag="035" ind1=" " ind2=" ">
    <subfield code="a">(NLR Aleph) 012361854</subfield>
  </datafield>
  <datafield tag="035" ind1=" " ind2=" ">
    <subfield code="a">(RuMoRGB)010342782</subfield>
  </datafield>
  <datafield tag="090" ind1=" " ind2=" ">
    <subfield code="a">11531106</subfield>
    <subfield code="c">11531106</subfield>
  </datafield>
  <datafield tag="100" ind1=" " ind2=" ">
    <subfield code="a">20200924d2020    u  y0rusy50      ca</subfield>
  </datafield>
  <datafield tag="101" ind1="0" ind2=" ">
    <subfield code="a">rus</subfield>
  </datafield>
  <datafield tag="102" ind1=" " ind2=" ">
    <subfield code="a">RU</subfield>
  </datafield>
  <datafield tag="105" ind1=" " ind2=" ">
    <subfield code="a">a|||zzzz000zy</subfield>
  </datafield>
  <datafield tag="181" ind1=" " ind2="0">
    <subfield code="a">i</subfield>
    <subfield code="b">axxe</subfield>
  </datafield>
  <datafield tag="182" ind1=" " ind2="0">
    <subfield code="a">n</subfield>
  </datafield>
  <datafield tag="200" ind1="1" ind2=" ">
    <subfield code="a">&#x427;&#x442;&#x43E; &#x442;&#x430;&#x43A;&#x43E;&#x435; &#x432;&#x440;&#x435;&#x43C;&#x44F;</subfield>
    <subfield code="e">&#x433;&#x434;&#x435; &#x43C;&#x44B; &#x431;&#x44B;&#x43B;&#x438; &#x438; &#x447;&#x442;&#x43E; &#x443;&#x437;&#x43D;&#x430;&#x43B;&#x438;</subfield>
    <subfield code="e">5-7 &#x43B;&#x435;&#x442;</subfield>
    <subfield code="e">[&#x434;&#x43B;&#x44F; &#x437;&#x430;&#x43D;&#x44F;&#x442;&#x438;&#x439; &#x432;&#x437;&#x440;&#x43E;&#x441;&#x43B;&#x44B;&#x445; &#x441; &#x434;&#x435;&#x442;&#x44C;&#x43C;&#x438; &#x434;&#x43E;&#x448;&#x43A;&#x43E;&#x43B;&#x44C;&#x43D;&#x43E;&#x433;&#x43E; &#x432;&#x43E;&#x437;&#x440;&#x430;&#x441;&#x442;&#x430;</subfield>
    <subfield code="e">(&#x442;&#x435;&#x43A;&#x441;&#x442; &#x447;&#x438;&#x442;&#x430;&#x44E;&#x442; &#x432;&#x437;&#x440;&#x43E;&#x441;&#x43B;&#x44B;&#x435;)]</subfield>
    <subfield code="f">&#x43F;&#x440;&#x438;&#x434;&#x443;&#x43C;&#x430;&#x43B;&#x430; &#x438; &#x43D;&#x430;&#x440;&#x438;&#x441;&#x43E;&#x432;&#x430;&#x43B;&#x430; &#x415;&#x43B;&#x435;&#x43D;&#x430; &#x417;&#x430;&#x43F;&#x435;&#x441;&#x43E;&#x447;&#x43D;&#x430;&#x44F;</subfield>
  </datafield>
  <datafield tag="203" ind1=" " ind2=" ">
    <subfield code="a">&#x422;&#x435;&#x43A;&#x441;&#x442;</subfield>
    <subfield code="b">&#x432;&#x438;&#x437;&#x443;&#x430;&#x43B;&#x44C;&#x43D;&#x44B;&#x439;</subfield>
    <subfield code="c">&#x43D;&#x435;&#x43F;&#x43E;&#x441;&#x440;&#x435;&#x434;&#x441;&#x442;&#x432;&#x435;&#x43D;&#x43D;&#x44B;&#x439;</subfield>
  </datafield>
  <datafield tag="210" ind1=" " ind2=" ">
    <subfield code="a">&#x41C;&#x43E;&#x441;&#x43A;&#x432;&#x430;</subfield>
    <subfield code="c">&#x411;&#x418;&#x41D;&#x41E;&#x41C;. &#x41B;&#x430;&#x431;&#x43E;&#x440;&#x430;&#x442;&#x43E;&#x440;&#x438;&#x44F; &#x437;&#x43D;&#x430;&#x43D;&#x438;&#x439;</subfield>
    <subfield code="c">&#x411;&#x418;&#x41D;&#x41E;&#x41C; &#x434;&#x435;&#x442;&#x441;&#x442;&#x432;&#x430;</subfield>
    <subfield code="d">2020</subfield>
  </datafield>
  <datafield tag="215" ind1=" " ind2=" ">
    <subfield code="a">47 &#x441;.</subfield>
    <subfield code="c">&#x446;&#x432;. &#x438;&#x43B;.</subfield>
    <subfield code="d">29</subfield>
  </datafield>
  <datafield tag="225" ind1="1" ind2=" ">
    <subfield code="a">100 &#x437;&#x430;&#x447;&#x435;&#x43C; &#x438; &#x43F;&#x43E;&#x447;&#x435;&#x43C;&#x443;</subfield>
  </datafield>
  <datafield tag="517" ind1="1" ind2=" ">
    <subfield code="a">&#x413;&#x434;&#x435; &#x43C;&#x44B; &#x431;&#x44B;&#x43B;&#x438; &#x438; &#x447;&#x442;&#x43E; &#x443;&#x437;&#x43D;&#x430;&#x43B;&#x438;</subfield>
  </datafield>
  <datafield tag="606" ind1="1" ind2=" ">
    <subfield code="a">&#x414;&#x43E;&#x448;&#x43A;&#x43E;&#x43B;&#x44C;&#x43D;&#x438;&#x43A;&#x438;</subfield>
    <subfield code="x">&#x41E;&#x437;&#x43D;&#x430;&#x43A;&#x43E;&#x43C;&#x43B;&#x435;&#x43D;&#x438;&#x435; &#x441; &#x432;&#x440;&#x435;&#x43C;&#x435;&#x43D;&#x435;&#x43C;</subfield>
    <subfield code="2">nlr_sh1</subfield>
    <subfield code="2">nlr_sh2</subfield>
    <subfield code="3">RU\NLR\AUTH\6678505</subfield>
  </datafield>
  <datafield tag="686" ind1="1" ind2=" ">
    <subfield code="a">&#x427;491.7</subfield>
  </datafield>
  <datafield tag="700" ind1=" " ind2="1">
    <subfield code="a">&#x417;&#x430;&#x43F;&#x435;&#x441;&#x43E;&#x447;&#x43D;&#x430;&#x44F;</subfield>
    <subfield code="b">&#x415;. &#x410;.</subfield>
    <subfield code="c">&#x445;&#x443;&#x434;&#x43E;&#x436;&#x43D;&#x438;&#x43A;</subfield>
    <subfield code="g">&#x415;&#x43B;&#x435;&#x43D;&#x430; &#x410;&#x43B;&#x435;&#x43A;&#x441;&#x435;&#x435;&#x432;&#x43D;&#x430;</subfield>
    <subfield code="3">RU\NLR\AUTH\7774422</subfield>
  </datafield>
  <datafield tag="702" ind1=" " ind2="1">
    <subfield code="a">&#x417;&#x430;&#x43F;&#x435;&#x441;&#x43E;&#x447;&#x43D;&#x430;&#x44F;</subfield>
    <subfield code="b">&#x415;. &#x410;.</subfield>
    <subfield code="c">&#x445;&#x443;&#x434;&#x43E;&#x436;&#x43D;&#x438;&#x43A;</subfield>
    <subfield code="g">&#x415;&#x43B;&#x435;&#x43D;&#x430; &#x410;&#x43B;&#x435;&#x43A;&#x441;&#x435;&#x435;&#x432;&#x43D;&#x430;</subfield>
    <subfield code="3">RU\NLR\AUTH\7774422</subfield>
    <subfield code="4">040</subfield>
  </datafield>
  <datafield tag="942" ind1=" " ind2=" ">
    <subfield code="c">BOOK</subfield>
  </datafield>
  <datafield tag="980" ind1=" " ind2=" ">
    <subfield code="a">NBR</subfield>
  </datafield>
  <datafield tag="980" ind1=" " ind2=" ">
    <subfield code="a">NB</subfield>
  </datafield>
</record>
